| 000 | 00387nam a2200145Ia 4500 | ||
|---|---|---|---|
| 005 | 20250729165753.0 | ||
| 008 | 250729s2012 xx 000 0 und d | ||
| 041 | _aeng | ||
| 082 | _a530.25 SELB | ||
| 100 |
_aSelina Ppublisher _9232587 |
||
| 245 | _aBiology I C S E 10 th Std | ||
| 260 |
_aBangalore _bDirectorate of Pre University _c2012 |
||
| 300 | _a259p | ||
| 650 |
_aBiology _9232588 |
||
| 999 |
_c239857 _d239857 |
||